000 00710nam a2200289Ia 4500
005 20260324144419.0
008 008 260324s9999 xx 000 0 eng d
020 _a9781315815626
037 _aEBOOK
040 _aCRL
040 _beng
040 _cCRL
041 _2eng
041 _aeng
084 _qCRL
100 _aPeter Hainsworth
_91219233
245 0 _aPetrarch the Poet (Routledge Revivals)
245 3 _bAn Introduction to the 'Rerum Vulgarium Fragmenta'
260 _bTaylor and Francis
260 _c1988
365 _a
365 _b290
856 _uhttp://www.taylorfrancis.com/books/9781315815626
942 _cEBOOK
999 _c1825821
_d1825821